Vedic kaal aur lohe ka agaman: Lagbhag 1500-700 Iehvi poorva (Record no. 23672)
[ view plain ]
| 000 -LEADER | |
|---|---|
| fixed length control field | 00468nam a2200169Ia 4500 |
| 008 - FIXED-LENGTH DATA ELEMENTS--GENERAL INFORMATION | |
| fixed length control field | 230917s9999||||xx |||||||||||||| ||und|| |
| 020 ## - ISBN | |
| Price | RS300 |
| 040 ## - CATALOGING SOURCE | |
| -- | 241894 |
| Original cataloging agency | VIVEKANANDA LIBRARY |
| 041 ## - Language | |
| -- | English |
| 082 ## - DDC NUMBER | |
| Classification number | 954.01 H114V |
| 100 ## - MAIN ENTRY--PERSONAL NAME | |
| Personal name | Habib, Irfan |
| 245 #0 - TITLE STATEMENT | |
| Title | Vedic kaal aur lohe ka agaman: Lagbhag 1500-700 Iehvi poorva |
| 260 ## - PUBLICATION, DISTRIBUTION, ETC. (IMPRINT) | |
| Place of publication, distribution, etc | New Delhi |
| Name of publisher, distributor, etc | Rajkamal |
| Date of publication, distribution, etc | 2016 |
| 300 ## - PHYSICAL DESCRIPTION | |
| Pages | 106 p. |
| 500 ## - GENERAL NOTE | |
| General note | 2831 29/08/2017 HBD17/7075 29/09/2017 Main Budget |
| 942 ## - ADDED ENTRY ELEMENTS (KOHA) | |
| Koha item type | Books |
| Withdrawn status | Lost status | Damaged status | Not for loan | Location (home branch) | Sublocation or collection (holding branch) | Date acquired | Koha issues (times borrowed) | Koha full call number | Accession No. | Koha date last seen | Koha item type |
|---|---|---|---|---|---|---|---|---|---|---|---|
| VIVEKANANDA LIBRARY | VIVEKANANDA LIBRARY | 16/11/2017 | 1 | 954.01 H114V | 363256 | 22/03/2024 | Books | ||||
| VIVEKANANDA LIBRARY | VIVEKANANDA LIBRARY | 16/11/2017 | 5 | 954.01 H114V | 363257 | 01/04/2026 | Books |
